Größte Städte in Mecklenburg-Vorpommern (mit Karte) - Statistiken

Allgemein
  • Dieses Quiz wurde 7.038 mal gespielt
  • Das Durchschnittsergebnis liegt bei 18 aus 50
Antworten auf der Karte
Die Antworten werden auf der Karte rot bzw. grün angezeigt, abhängig davon wie oft sie richtig erraten wurden.
 
Antwortstatistiken
Einwohner Kreis Stadt % Korrekt
208.400 Kreisfrei Rostock
99%
95.740 Kreisfrei Schwerin
97%
59.332 Vorpommern-Greifswald Greifswald
81%
59.171 Vorpommern-Rügen Stralsund
81%
63.043 Mecklenburgische Seenplatte Neubrandenburg
75%
42.785 Nordwestmecklenburg Wismar
73%
13.647 Vorpommern-Rügen Bergen auf Rügen
56%
29.026 Rostock Güstrow
51%
21.116 Mecklenburgische Seenplatte Waren (Müritz)
50%
12.070 Ludwigslust-Parchim Ludwigslust
49%
20.103 Mecklenburgische Seenplatte Neustrelitz
49%
17.467 Ludwigslust-Parchim Parchim
49%
9.064 Vorpommern-Rügen Sassnitz
48%
12.177 Vorpommern-Greifswald Anklam
46%
5.413 Vorpommern-Rügen Binz
46%
12.752 Rostock Bad Doberan
39%
15.451 Vorpommern-Rügen Ribnitz-Damgarten
39%
8.387 Vorpommern-Greifswald Heringsdorf
37%
11.890 Vorpommern-Greifswald Wolgast
37%
7.964 Rostock Kühlungsborn
35%
8.457 Vorpommern-Greifswald Ueckermünde
34%
10.337 Mecklenburgische Seenplatte Demmin
32%
9.841 Vorpommern-Greifswald Pasewalk
32%
8.692 Vorpommern-Rügen Barth
29%
10.689 Ludwigslust-Parchim Boizenburg/Elbe
27%
10.440 Nordwestmecklenburg Grevesmühlen
27%
12.146 Ludwigslust-Parchim Hagenow
27%
8.310 Rostock Teterow
26%
6.512 Mecklenburgische Seenplatte Malchow
25%
6.091 Ludwigslust-Parchim Plau am See
25%
8.929 Vorpommern-Greifswald Torgelow
25%
7.970 Rostock Bützow
24%
9.260 Vorpommern-Rügen Grimmen
24%
6.969 Ludwigslust-Parchim Neustadt-Glewe
24%
6.167 Ludwigslust-Parchim Lübz
23%
7.282 Mecklenburgische Seenplatte Malchin
23%
6.450 Rostock Laage
20%
6.423 Mecklenburgische Seenplatte Friedland
19%
5.687 Mecklenburgische Seenplatte Stavenhagen
19%
5.188 Mecklenburgische Seenplatte Altentreptow
18%
6.355 Ludwigslust-Parchim Wittenburg
17%
5.421 Ludwigslust-Parchim Zarrentin am Schaalsee
17%
5.417 Nordwestmecklenburg Gadebusch
16%
5.500 Ludwigslust-Parchim Grabow
16%
5.323 Mecklenburgische Seenplatte Burg Stargard
14%
7.532 Rostock Dummerstorf
14%
6.372 Rostock Sanitz
14%
5.965 Rostock Satow
14%
5.308 Nordwestmecklenburg Lüdersdorf
13%
5.276 Vorpommern-Rügen Sundhagen
13%
Keine übereinstimmenden Quizze gefunden
Verteilung der Resultate
Anzahl Personen mit jedem Resultat
Perzentil nach korrekt beantworteten Fragen
Ihre Resultats-Entwicklung
Sie haben dieses Quiz noch nicht gespielt